000
00355nam a2200157Ia 4500
003
OSt
005
20240329104942.0
008
170524s9999 xx 000 0 und d
020
_a
978-1259573088
040
_c
IIMT UNIVERSITY
100
_a
LEVE- WEITZ
100
_c
2005
245
0
_a
RETAIL MANAGEMENT
260
_a
TATA MC GRAW HILL
942
_2
ddc
_c
02
999
_c
2204
_d
2204